[Event "Tournoi ouvert de Chambly"]
[Site "?"]
[Date "2022.04.03"]
[Round "4"]
[White "Rodrigue-Lemieux, Shawn"]
[Black "Hebert, Jean"]
[Result "1-0"]
[WhiteElo "2421"]
[BlackElo "2402"]
[Annotator "Shawn Rodrigue-Lemieux"]
[PlyCount "129"]
[EventDate "2022.??.??"]
[SourceTitle "Chess Canada '24.08"]
[Source "CFC/John Upper"]
[SourceDate "2024.08.27"]
[SourceVersion "1"]
[SourceVersionDate "2024.08.21"]
[SourceQuality "1"]

{[%mdl 32768][%evp 0,129,25,16,58,64,59,37,54,29,63,37,76,27,43,43,24,25,20,14,
22,24,15,47,36,-28,-25,-27,-27,-37,0,0,0,0,0,0,17,46,34,40,55,61,56,56,86,86,
70,79,90,54,39,39,71,13,0,0,0,0,0,-74,0,0,0,0,124,0,0,0,43,13,23,21,21,42,25,
29,25,25,18,25,25,0,38,42,78,71,77,78,83,83,83,92,143,61,61,131,153,62,62,62,
62,62,62,62,67,67,67,67,77,59,65,65,65,65,68,68,68,68,68,68,80,68,68,68,60,68,
60,60,60,60,29995,29996]} 1. e4 c5 {First surprise of the game, as I was
hoping for a French. At that time, I didn't have good knowledge of the
Sicilian!} 2. Nf3 Nc6 3. Bb5 d6 {[#] This move came as a pleasant surprise to
me. In my opinion, g6 and e6 are both better tries than this move, which gives
White many interesting options.} 4. O-O Bg4 ({Black generally plays} 4... Bd7
5. Re1 Nf6 6. c3 a6 7. Bf1 Bg4) 5. c3 a6 6. Be2 {Keeping the Bishop pair.} ({
I knew that} 6. Bxc6+ {was better, but I expected that my opponent would be
familiar with this move, so I wanted to do something different.}) 6... Nf6 7.
d4 {[#]} cxd4 ({editor -} 7... Nxe4 $4 {falls into the trap, since} 8. d5 {
and Qa4+ wins one of the Ns.}) 8. cxd4 d5 9. e5 Ne4 10. h3 (10. Kh1 e6 11. Ng1
{is a very creative idea for White, and it's not easy for Black to save the
e4-Knight.}) 10... Bf5 11. Nh4 Bd7 12. Kh2 {[#] I knew that this was probably
not a great idea, but I wanted to try something creative, to force him out of
his comfort zone. It looks very odd, but I couldn't find a great way for him
to escape.} e6 {editor - turns out to be a French anyway!} 13. g3 Be7 14. Ng2 {
[#] Critical Position What happens if ...Qb6} f6 (14... Qb6 $1 {is a brilliant
way to sacrifice the Knight.} 15. f3 Ng5 16. h4 h6 $3 17. Be3 $1 (17. hxg5 $4 {
White can't afford to open the h-file!} hxg5+ 18. Kg1 Nxd4 19. Be3 Nxe2+ 20.
Qxe2 d4 21. Bf2 Bb5 $19) 17... Qxb2 18. Nd2 Nxd4 19. Rb1 Qc3 20. Rc1 Qb2 21.
Rb1 $11 {with a draw by repetition.}) 15. f3 Ng5 16. Nc3 (16. Be3 {is better,
but I didn't want to lose a tempo in case he eventually plays ...d4.}) 16...
fxe5 (16... Qb6 17. f4 Nf7 18. f5 fxe5 19. fxe6 Bxe6 20. dxe5 $16 {was my idea.
White's pieces will quickly come into the game after an eventual Nf4.}) 17.
dxe5 d4 {[#] I was surprised when he played this move, since I get a great
position after that} 18. Bxg5 dxc3 (18... Bxg5 {gives me a great square for my
Knight after} 19. Ne4 Be7 20. f4 O-O 21. a3 $1 $16) 19. Bxe7 Qxe7 20. f4 (20.
bxc3 Nxe5 21. f4 {was also possible, but I wanted to keep my e5-pawn.}) 20...
cxb2 21. Rb1 {[#] I felt quite happy with my position here, since I have a
solid pawn chain protecting my King. Black also has many weaknesses, such as
the d6-square.} O-O 22. Rxb2 b5 23. Rd2 Rad8 24. Bf3 $2 (24. Qc1 $16 {is much
better, as it makes ...Na5-c4 less appealing for Black.}) ({I saw} 24. Qc2 {
but I rejected it because of} Nb4) 24... Na5 $1 {I overlooked this idea.
Black's Knight quickly jumps to c4.} 25. Ne3 Bc6 26. Rff2 Bxf3 27. Qxf3 Qc5 28.
Rxd8 Rxd8 29. f5 {[#]} Rf8 (29... Qxe5 30. Ng4 $2 (30. fxe6 Qxe6 31. Nf5 $11 {
maintains the balance.}) 30... Qd5 31. Qc3 exf5 32. Nh6+ gxh6 33. Qxa5 h5 $15 {
is better for Black}) 30. f6 Qxe5 31. Ng4 (31. f7+ Kh8 32. Ng4 Qc7 $4 (32...
Qd6 $1 {prevents Qa3. without allowing Qa3.}) (32... Qc5 $2 33. Qe4 $16) 33.
Qa3 Qd8 34. Ne5 Nc4 35. Qxf8+ Qxf8 36. Nd7 $18 {was another idea I considered.
Unfortunately, Black doesn't have to enter this variation!}) 31... Qc7 $2 (
31... Qd6 {is totally fine for Black. The idea is that} 32. f7+ {can be met
with} Kh8 {without allowing Qa3.}) 32. f7+ Qxf7 (32... Rxf7 33. Qa8+ {[%eval
32764,0]}) (32... Kh8 33. Qa3 $18) 33. Qc3 {With a double-attack on the Q and
N. Black has no choice} (33. Qa3 {doesn't work because of} Nc4) 33... Qxf2+ 34.
Nxf2 Rxf2+ 35. Kg1 Rxa2 {[#] We now have a complex endgame where White is the
one pushing, but Black's position should hold. White has to act quickly before
Black can coordinate their pieces.} 36. Qc8+ Kf7 37. Qxa6 Ra1+ 38. Kf2 Ra2+ 39.
Kf3 Ra3+ 40. Kf4 Ra4+ 41. Kg5 {[#]} Nc4 $6 (41... h6+ $1 42. Kh5 Nc4 43. Qb7+
Kg8 44. Qc8+ {Now White might even lose this game!} (44. g4 $11) 44... Kh7 45.
Qxe6 Ne5 $3 46. g4 (46. Qxe5 $4 g6#) 46... Re4 47. Qb6 $8 Re2 48. Qa7 $8 Rh2
49. Kh4 Rg2 50. Kh5 Rg3 51. Kh4 Rb3 52. g5 Ng6+ 53. Kh5 Rxh3+ 54. Kg4 Rh4+ 55.
Kg3 h5 $15) 42. Qb7+ Kf8 43. Qc8+ Kf7 44. Qd7+ Kf8 45. Qxe6 Ra3 46. Kh4 $6 (46.
Qf5+ Kg8 47. Kf4 h6 48. Qxb5 $16 {gives White some hope, although Black should
still hold.}) 46... Rb3 (46... h6 $1 {is the best way to play for Black.} 47.
Qf5+ Kg8 48. Qxb5 Ne3 {and White has no way to make progress.}) 47. Qf5+ Kg8 {
[#]} 48. Qe4 $2 (48. Qd5+ $142 Kf8 49. g4 h6 50. Kh5 {puts a lot of pressure
on Black, and it's not clear if Black can still hold.} Re3 51. Kg6 Ne5+ 52. Kh7
Nf7 53. h4 Re5 54. Qd7 $16) 48... h6 49. Qe8+ Kh7 50. Qe4+ Kg8 51. Qe6+ Kh8 52.
Kg4 Kh7 53. Qe4+ Kg8 54. h4 Ne3+ 55. Kh5 Nc4 56. Qe8+ Kh7 57. Qg6+ Kg8 58. Qe8+
Kh7 59. Qe4+ Kg8 60. g4 Re3 61. Qd5+ Kh7 62. Qf5+ Kg8 63. g5 Re5 64. Qd7 {
[%mdl 64] The final trick. [#] Critical Position White has just pushed the
g-pawn to break Black's fortress. What can Black do?} hxg5 $4 {And Black fell
for it! After defending well for many moves.} ({An interesting defense was} 
64... Kh8 $5 {after which the natural} 65. Kg6 $4 {loses the game to} Rxg5+ 66.
hxg5 Ne5+ $19) ({editor - repeating with} 64... Kh7 {is the simplest draw}) 65.
Kg6 {This was a very satisfying game. It felt nice winning this important game,
especially this way. That was one of my first wins which gave me more
confidence in endgames and against higher-rated players.} 1-0

[Event "WYCC 2022"]
[Site "?"]
[Date "2022.09.14"]
[Round "9"]
[White "Rodrigue-Lemieux, Shawn"]
[Black "Nogerbek, Kazybek"]
[Result "1-0"]
[WhiteElo "2451"]
[BlackElo "2457"]
[Annotator "Shawn Rodrigue-Lemieux"]
[PlyCount "103"]
[EventDate "2022.??.??"]
[SourceTitle "Chess Canada '24.08"]
[Source "CFC/John Upper"]
[SourceDate "2024.08.27"]
[SourceVersion "1"]
[SourceVersionDate "2024.08.21"]
[SourceQuality "1"]

{[%mdl 32768][%evp 0,103,14,25,62,46,45,36,31,23,31,10,29,-11,-3,-27,7,13,-4,9,
9,5,45,37,48,38,34,31,44,51,27,31,33,26,32,34,90,106,106,100,89,32,72,21,50,32,
38,10,11,16,9,9,41,54,39,55,55,69,80,50,128,59,69,69,68,59,53,25,107,99,121,91,
105,104,102,117,143,123,115,131,155,165,188,149,190,188,203,213,262,289,305,
288,308,317,314,307,380,526,648,606,1467,615,843,885,944,938]} 1. e4 c5 2. Nf3
Nc6 3. Bb5 e6 4. Bxc6 bxc6 5. b3 d6 {[#] I suddenly got scared after this move,
since I couldn't remember my preparation! I remembered that I should play 6.e5,
but then I realized that Black could play ...dxe5 Nxe5 with either ...Qd4, ...
Qd5 or even ...Qg5, and I was not a fan of any of these positions. At the end
of the day, I decided to trust my memory and go for it!} 6. e5 dxe5 7. Nxe5 {
[#]} (7. d3 {is an interesting idea tried by Magnus Carlsen at the World Cup a
year later.} f6 8. Nbd2 Nh6 9. Rg1 $5 Ba6 10. g4 $1 Nf7 11. Qe2 Be7 12. Bb2 $14
{(1-0, 43) Carlsen,M (2835)-Abasov,N (2632) Baku, 2023.}) 7... Qd5 {Black has
a lot of options here.} (7... Qd4 $2 {looks amazing for Black, but their Queen
will be in huge danger!} 8. Nc4 (8. Bb2 $5 {is also promising for White after}
Qxb2 $4 9. Nc3 Qa3 10. Qf3 Ne7 11. Qxf7+ Kd8 12. O-O $18 {and Black can't
handle the initiative. 1-0 Tishin,P (2420)-Sevdimaliyev,U (2242) Suvorov 2012
editor - For the piece, White has a pawn, a huge development lead, and weak
squares for the Ns near Black's K.}) 8... Qxa1 9. Nc3 Ba6 10. O-O Bxc4 11. bxc4
Bd6 12. Qe2 Nf6 13. Ba3 Qxf1+ 14. Kxf1 $18 {with a big advantage for White,
since Black's pieces cannot coordinate. (1-0,39) Zhao,J (2434)-Zhang,P (2579)
Moscow Aeroflot op-A 2004 (2) with so many loose pawns the Q is better than RR;
}) (7... Qg5 {is another interesting try, but White can simply defend with} 8.
Ng4 ({editor -} 8. Nf3 Qxg2 9. Rg1 Qh3 10. Rg3 $146 Qf5 11. Bb2 f6 12. d3 g6
13. Nbd2 e5 14. Ne4 Qh5 $2 15. Nxe5 $1 $18 {1-0 Mendes,A (2309)-Naudin,Y (1912)
Reykjavik op 2024 (6) spearing the Rh8.}) 8... Nh6 9. Ne3 Nf5 10. O-O Nxe3 11.
fxe3 Bd6 {editor - and somehow Black's activity makes up for the bad structure,
e.g.} 12. Bb2 (12. Qf3 $5 O-O 13. Qxc6 $2 Qe7 $3 14. Qxa8 $2 Bb7 15. Qxa7 Qh4
$19) 12... O-O 13. Qf3 f5 14. Na3 Ba6 15. d3 Rac8 16. Nc4 Bxc4 17. dxc4 Qh6 $11
{Vidit,S (2719)-Abasov,N (2632) FIDE World Cup Baku, 2023.}) 8. Nf3 Qe4+ 9. Kf1
{This looks scary, but White is still quite solid and can try to target
Black's weaker pawn structure.} (9. Qe2 Qxc2 10. O-O $11) 9... Qf5 {[#]} 10.
Nc3 ({White can also develop the Knight to c4 with} 10. Na3 Nf6 11. d3 Nd5 12.
Nc4 Ba6 13. Qe2 Bxc4 14. bxc4 Qf6 15. Rb1 Nc3 16. Bb2 Rb8 17. Qe1 Bd6 18. Bxc3
Rxb1 19. Bxf6 Rxe1+ 20. Kxe1 gxf6 $11 {½-½ (41) Grischuk,A (2761)-Radjabov,T
(2784) Moscow, 2012.}) 10... Ne7 11. d3 Ng6 12. Ne4 Be7 {[#]} 13. Bg5 $6 (13.
Be3 O-O 14. h4 $1 $16) 13... f6 {I somehow underestimated this move. There was
no need to provoke it, as Black wants to play ...e5 and ...f5 anyway!} (13...
O-O $4 {is what I was hoping for, as White wins after} 14. Nh4 $18 Nxh4 15.
Bxe7) 14. Be3 O-O 15. Qd2 {Looking to attack Black's queenside.} (15. h4 $1 {
is a very strong idea, trying to play h5. White can also activate the Rook via
h3 in the future.}) 15... Rd8 16. Qc3 Qd5 $1 {A strong move, as Black would
love to play e5 without leaving the Queen misplaced on f5.} 17. Nxc5 {[%mdl 64]
[#]Critical Position ...e5 or ...f5 or does it matter?} f5 $2 {I was extremely
relieved to see this move!} (17... e5 $11 {was dangerous, since my Bishop is
now less active. Black's pawns will roll like an avalanche.}) 18. Bg5 $1 {
An extremely effective idea, which he missed. After this forced trade, White's
position becomes much easier to play.} Bxg5 (18... Bxc5 19. Bxd8 e5 20. Qc4 $16
) 19. Nxg5 e5 20. Qc4 $2 {Unnecessary.} (20. Re1 $16 {is better, simply
activating another piece.}) 20... Rb8 21. h4 h6 {[#]} 22. Nf3 $2 (22. h5 $1
hxg5 23. hxg6 Rb5 24. Na4 $16 {is a better way to play, as the g6-pawn proves
to be quite unpleasant for Black to deal with. Black can eventually win the
g6-pawn, but it will require an important loss of time, which White can use to
create quick counterplay. If Black ignores the pawn, the King might soon end
up in a mating net.  editor - at first glance, it looks like the g6-pawn is a
goner after} Rd6 {but White has tactics that keep it alive} 25. Nc3 Qxc4 26.
dxc4 {and no matter where the Rb5 goes White gets active play. Analysis
Diagram [#]} Rb8 (26... Ra5 27. a4 Bd7 (27... Rxg6 $6 28. Rd1 Be6 29. Rd8+ Kf7
30. Rhh8 $18) 28. Rh5 g4 29. Rd1 Rd4 30. Rxd4 exd4 31. Ne2 c5 32. Nf4 $18 {
and Ne3 or Nd5. Black's R and B are useless.}) 27. Re1 $1 e4 28. Rd1 $1 Rxd1+
29. Nxd1 Bd7 30. Rh5 $1 $18 g4 31. g3 {and Ne3, and although Black can win the
g6-pawn with ...Rf8-f6, will cost the f5-pawn, leaving Black with 5 isolated
pawns.}) 22... e4 23. dxe4 Qxc4+ 24. bxc4 fxe4 25. Nxe4 {[#] Even though I'm
up 2 pawns, Black has enough compensation to equalize. However, they must play
actively and accurately.} Rb2 $2 {Winning the c5-pawn, but allowing White to
activate.} (25... Bg4 {was better, forcing me to retreat.} 26. Ned2 Ne7 $11)
26. h5 $1 Ne7 27. Rh4 Rxc2 28. Nc5 {The h1-Rook has finally activated!} Kh7 {
[#]} 29. Rf4 $2 {Trying to play g4, but this runs into a nice tactical idea.} (
29. Kg1 $18) 29... Ng8 $4 (29... Nd5 $1 {allows Black to stay in the game!} 30.
cxd5 Rxc5 31. dxc6 Rxh5 32. Kg1 Rc5 33. Ra4 Rxc6 34. Rxa7 $14) 30. Ne5 $4 (30.
Ne4 $1 $18 {was much stronger, preventing Black from activating.}) 30... Nf6
31. g4 Re8 32. Ncd3 Rd2 {Black's pieces are suddenly active.} 33. f3 Ba6 $6 34.
Re1 Rxa2 {[#]} 35. Nb4 (35. Nxc6 {simply taking the pawn was stronger!}) 35...
Ra4 (35... Nd5 {was a strong move, forcing more trades. Black has great
chances to hold.}) 36. Nbxc6 Bb7 37. Nd4 Ra5 38. Ng6 {[#] Putting the Black
King in a chokehold. It's not easy to escape this mating net.} Rxe1+ 39. Kxe1
Rc5 40. Ne6 Rc8 41. Rd4 Re8 {[#]} 42. Kf2 $1 {Defending everything.} a5 (42...
Rxe6 43. Nf8+ {wins.}) 43. Nc5 Ba8 44. Rd6 Rc8 45. Ne6 Rb8 46. Ra6 Rb2+ 47. Kg3
Bb7 48. Rd6 {[#]} Kg8 ({editor - 48.Rd6! was so much better than the (also
winning) Rxa5: the mating attack leaves Black no time to attack f3, since} 
48... Rb3 49. Rd8 Rxf3+ (49... Ng8 50. Nef8#) 50. Kh4 Ng8 51. Rd7 {is another
mating net.}) 49. Rd8+ Kf7 50. Nc5 (50. Nc7 {led to an even faster checkmate!})
50... Nh7 51. Rd7+ Kf6 52. Nxb7 {This was certainly one of, if not the most
important win of my life. This win allowed me to gain a half-point lead
heading into the final 2 rounds, and it came against one of the most dangerous
players of the tournament. I first played Kazybek in 2013 in the U10 section
of the same tournament, and both games were just as eventful!} 1-0

[Event "WYCC 2022"]
[Site "?"]
[Date "2022.09.15"]
[Round "10"]
[White "Gines Esteo, Pedro Antonio"]
[Black "Rodrigue-Lemieux, Shawn"]
[Result "0-1"]
[WhiteElo "2505"]
[BlackElo "2451"]
[Annotator "Shawn Rodrigue-Lemieux"]
[PlyCount "98"]
[EventDate "2022.??.??"]
[SourceTitle "Chess Canada '24.08"]
[Source "CFC/John Upper"]
[SourceDate "2024.08.27"]
[SourceVersion "1"]
[SourceVersionDate "2024.08.21"]
[SourceQuality "1"]

{[%mdl 8192][%evp 0,98,25,28,28,-6,4,-13,-6,-13,4,6,-5,12,-10,0,30,16,16,-15,
10,-5,7,12,8,15,18,-34,-22,-14,-20,-30,-21,-30,-16,-4,-6,-14,-20,-24,0,-17,-35,
-18,-23,-18,0,0,-1,0,5,7,1,-46,-46,-46,-54,-66,-74,-74,-61,-73,-73,-109,-95,
-92,-73,-106,-91,-91,-87,-91,-91,-91,-98,-98,-20,-196,-186,-187,-191,-241,-237,
-239,-251,-263,-268,-384,-384,-384,-384,-408,-408,-694,-628,-640,-807,-764,
-799,-826,-826] Heading into this game, I was half a point ahead of my rivals.
A draw with Black against the top seed would be a good result, but I wasn't in
the mood to play for a draw!} 1. Nf3 {[%mdl 32768]} Nf6 2. c4 e6 3. b3 d5 4.
Bb2 Be7 5. e3 O-O 6. Nc3 c5 {[#]} 7. cxd5 Nxd5 (7... exd5 {is certainly the
safer approach, but I had looked at ...Nxd5 before the game and felt quite
comfortable in this double-edged position.}) 8. Qc2 Nc6 {[#]} 9. h4 {An
aggressive approach, preparing a kingside attack.} ({editor - A year later,
Shawn got outmaneuvered on the Isle of Man by the 2022 European Chess Champion:
} 9. a3 b6 10. h4 f5 11. Rd1 Bd7 12. Bc4 Nc7 13. h5 h6 14. d4 $1 cxd4 15. exd4
$1 Na5 16. Be2 Rc8 17. b4 Nb7 18. Ne5 Bf6 19. Qb3 Nd6 20. O-O $16 {1-0 (43)
Bluebaum,M (2668)-Rodrigue Lemieux,S (2488) Douglas IoM, 2023.}) 9... f5 {
Positionally risky, but I was still in preparation and found this idea
creative. I usually hate such moves, as I find them weakening, but I knew that
I shouldn't argue with Stockfish!} 10. a3 Bd7 ({editor - Here's a Naka game
which shows just how quickly even a GM can go wrong against White's
modest-looking setup:} 10... Na5 11. Nxd5 $1 Qxd5 12. Rb1 Qxb3 $2 13. Qxb3 Nxb3
14. Bc3 {Black has to immediately give back the pawn to save his N.} c4 15.
Bxc4 Nc5 16. Nd4 f4 17. Bb4 Rf6 18. Nb3 $1 $18 {untangling will cost Black at
least a pawn and the bishop pair; Nakamura,H (2754)-Hess,R (2581) Chess.com,
2019.}) 11. h5 h6 {[#] This was the last move of my preparation. I knew it was
around equal and that both players had chances.} 12. Bc4 Nb6 13. Bb5 Bf6 14.
Ne2 Rc8 15. Bxf6 Qxf6 16. Qc3 {[#]} Nd4 {A very forcing move, which I wasn't
sure about.} (16... a6 17. Bxc6 Bxc6 18. Qxf6 gxf6 {gives Black a better
endgame than the one I chose. For some reason I was scared and chose to avoid
this line!}) 17. Bxd7 (17. exd4 Bxb5 18. dxc5 Rxc5 $1 {gives Black a small
edge.}) 17... Nxf3+ 18. gxf3 Nxd7 19. Qxf6 Nxf6 {[#] We are now in an endgame
where Black is quite comfortable. White has a weaker pawn structure (doubled
f-pawns, potentially weak h5-pawn) but the position remains relatively
balanced. This is exactly the type of position I was looking for.} 20. Nf4 e5
21. Ng6 Rfe8 {[#]} 22. Ke2 (22. f4 {is an important move for White, fixing the
pawn structure.}) 22... Nd5 (22... f4 {is also an important move for Black,
preventing White from playing f4 themselves!}) 23. Nh4 Ne7 24. Rhg1 c4 25. bxc4
Rxc4 {[#]} 26. Rh1 {Too passive! White must play actively, as in most endgames.
} (26. Ng6 {would've been more natural, but I suspect that my opponent was
afraid of losing h5.} Nxg6 27. Rxg6 (27. hxg6 {is also possible, although this
gives Black a passed pawn.}) 27... Rh4 {may look unappealing at first, but
White has} 28. Rag1 Re7 29. Rxh6 {winning the game. editor - White untangles
with Rg5 then moving the other R, and, ironically, Black never gets to take the h5 pawn,}) 
26... Kf7 27. Rab1 b6 28. Rb5 Kf6 {[#] I
started to feel more confident in my chances here, as my pieces are becoming
more and more active, while White is still not coordinated.} 29. Ng2 Rd8 30. f4
{Another move I was happy to see, as White's Knight is now in jail.} e4 31. Ne1
Rc1 32. Rh2 {Now the Rook is also in jail!} Rdc8 {[#]} 33. Rb2 $6 ({editor -
Another choice between active and passive defence. The game move allows White
to defend a3 after ...Ra1 with Nc2. OTOH,} 33. f3 $142 $1 {creates a passer or
a target for White to attack; e.g.} Ra1 (33... exf3+ $2 34. Nxf3 {solves all
White's problems.}) 34. fxe4 fxe4 35. Rb4 $1 Rcc1 $1 36. Rh1 $8 (36. Ng2 $2 Nf5
$19) 36... Rxa3 37. Rxe4 Raa1 {White is still badly tangled, but might escape
after} 38. f5 $5) 33... Nd5 34. f3 R8c4 35. Rg2 Kf7 36. Rb5 Rc5 37. Rxc5 {[#]}
bxc5 $6 (37... Rxc5 {was much better, but to me it seemed like a difficult
decision during the game.}) 38. Rh2 $2 {This move is simply too slow!} ({
White had to punish ...bxc5 with} 38. Rg6 $1 {threatening to infiltrate} Nf6
39. d3 $15 {since my Knight is now more passive.}) 38... c4 $1 $19 {The idea
behind ...bxc5. White is now completely stuck.} 39. fxe4 fxe4 40. Rh4 c3 41.
dxc3 Rxc3 42. Ng2 Rxa3 {[#]} 43. f5 Ra2+ 44. Kf1 Nf6 45. Nf4 a5 46. Ne6 a4 47.
Nc5 a3 48. Nxe4 Nxe4 49. Rxe4 Rb2 {and White cannot prevent Black from
promoting.   This was most likely the second most important win of my life!
After 10 rounds, I was now a full point ahead of my rivals, with one game
remaining. This meant that I only needed a draw with White in the last round
in order to clinch the title, which I accomplished the next day!} 0-1